000 00561nam a2200205 a 4500
999 _c1568
_d1568
008 200108t1999 xxkad||g |||| 001 0 eng d
020 _a9780415139380
_c£. 28.99
040 _aKO
_beng
041 0 _aeng
044 _axxk
082 0 4 _223
_a338.4791
_bOr14
100 1 _aOrams, Mark
245 1 0 _aMarine Tourism :
_bDevelopment, impacts and Management /
_cMark Orams
260 _aOxon :
_bRoutledge ,
_c1999.
300 _axvi , 115 p. :
_bill., Charts. ;
_c24 cm
504 _aIncludes Index.
650 0 _aTourism
_vTextbooks
942 _cBK